000 00686nam a22001937a 4500
999 _c100082
_d100082
005 20230530150306.0
010 _aENG-115157
020 _a9789385755057
_c399.00
035 _aEN-98689
037 _bDBAD/PUB
082 _a500
100 _aKlein, Stefan
245 _aWe are all stardust :
_bscientists who shaped our world talk about their work, their lives and what they still want to know /
_cby Stefan Klein ; translated by Ross Benjamin
260 _aNew Delhi
_bSpeaking Tiger
_c2016
270 _a4381/4 Ansari Road, Daryaganj,
_bNew delhi
_e110002
300 _axv,265p. :
_bill.
_c21cm(pbk)
700 _aBenjamin, Ross
942 _2ddc
_cEN
_h500
_mKLE